| 000 | 00781nam a22002417a 4500 | ||
|---|---|---|---|
| 001 | 09212 | ||
| 003 | HDC | ||
| 007 | cr bn ---aaaaa | ||
| 008 | 210130c20190710my |||| o||| 00| 0|may | ||
| 040 | _aHDC | ||
| 100 |
_aChe Wan Badrul Alias _eAuthor _97791 |
||
| 245 | 0 |
_aInisiatif pelaburan bersama kumpul dana RM90 juta / _cChe Wan Badrul Alias |
|
| 336 |
_atext _2rdacontent |
||
| 337 |
_acomputer _2rdamedia |
||
| 338 |
_aonline resource _2rdacarrier |
||
| 650 |
_aPelaburan _98769 |
||
| 650 |
_aUsahawan _98733 |
||
| 710 | _aBerita Harian | ||
| 856 | _zRequest full-text at [email protected] | ||
| 942 | _2lcc | ||
| 942 | _cNEWS | ||
| 942 | _kNWSC 001786 | ||
| 999 |
_c6535 _d6535 |
||